000 00966nam a22003137a 4500
001 BR0200794
003 BR-BrBNA
005 20230928101020.0
007 ta
008 230509b bl.||||| |||| 00| 0 por d
040 _aBR-BrBNA
_bpor
_cBiblioteca Nacional de Agricultura
041 _a(Por)
072 _aF01; F02
_b1660
_b5130
090 _ 1660 BR0200794
100 1 _aCallegari, O.
110 1 _aUniversidade Estadual de Maringa, PR (Brasil)
_0Tese (Mestrado)
_910653
245 1 _aVariacoes do ambiente e praticas culturais na formacao de mudas em bandeja e seus efeitos na producao da alface
260 3 _aMaringa, PR (Brasil):
_c1998.
300 _a67 p.
500 _aSummaries (Eng, Por); Bibliography p. 57-67; 16 illus.
650 _aAlface
650 _aMuda
650 _aPratica Cultural
650 _aVariacao Sazonal
650 _aStress
650 _aTransplante de Planta
909 _a202309
_bLucia
_c55
_dLucia Elande
942 _cBK
999 _c63873
_d63873